[Event "Roncana op-B 12th"]
[Site "Santa Eulalia de Roncana"]
[Date "2018.10.20"]
[Round "3"]
[White "Flores Munoz, Daniel"]
[Black "Parera Fiestas, Oriol"]
[Result "1-0"]
[WhiteElo "1565"]
[BlackElo "1470"]
[PlyCount "37"]
[EventDate "2018.09.29"]
[EventType "swiss"]
[EventRounds "8"]
[EventCountry "ESP"]
[SourceTitle "EXT 2020"]
[Source "ChessBase"]
[SourceDate "2019.10.17"]
[SourceVersion "1"]
[SourceVersionDate "2019.10.17"]
[SourceQuality "1"]

1. d4 e6 2. e4 d5 3. Bd3 c5 4. exd5 Qxd5 5. Nf3 cxd4 6. 0-0 Nf6 7. Nbd2 Bd6 8. Nb3 e5 9. Re1 0-0 10. Nbd2 Bg4 11. Ne4 Nxe4 12. Bxe4 Qa5 13. Bxh7+ Kh8 14. Bd3 Qb6 15. h3 Bxf3 16. Qxf3 Rc8 17. Qxf7 Na6 18. Qh5+ Kg8 19. Bc4+ 1-0